| 000 | 006410000a22002050004500 | ||
|---|---|---|---|
| 003 | LK-CoMWRAF | ||
| 005 | 20231208231215.0 | ||
| 008 | 230817t1997 ||||| |||| 00| 0 eng d | ||
| 040 |
_aLK-CoMWRAF _dLK-CoMWRAF _eLK-CoMWRAF |
||
| 041 | _aeng | ||
| 082 |
_a305.42 _bSAT |
||
| 100 | _aSathar, Zeba A. | ||
| 245 |
_a Women's autonomy, livelihood & fertility : _ba study of rural Punjab |
||
| 260 |
_aIslamabad: _bPakistan Institute of Development Economics, _c1997 |
||
| 300 | _av, 100 p. : color ill., map ; 29 cm | ||
| 650 | _aFertility, Human -Pakistan | ||
| 650 | _aWomen Employment -Pakistan | ||
| 700 | _aKazi, Shahnaz | ||
| 942 | _cBK | ||
| 999 |
_c2202 _d2202 |
||